000
00331 a2200157 4500
001
165910
020
_a
040
_c
Magnum
100
_a
Lemle, Miriam,
240
1
0
_a
Guia teorico do alfabetizador
_l
por
245
1
0
_a
Guia teorico do alfabetizador
362
0
_a
1899
440
1
_a
Ática
697
_a
ENSINO
942
_c
BK
999
_c
165910
_d
165910